000 00846nam a22002297a 4500
008 081212t xxu||||| |||| 00| 0beng d
010 _aENG-97589
020 _c120.00
_a9789380530062
035 _aEN-81122
037 _bDBAD / PUB
040 _adpl
_bEnglish
082 _a331.25
100 _93724
_aGomathi, V.
245 _aJob satisfaction of employees in banks /
_cby V. Gomathi
260 _aTiruchirappalli
_bAgasthiar Noolagam
_c2009
270 _a119, North Pillaiyar Kovil Street, Varaganeri,
_bTiruchirappalli
_e642008
300 _a95p.
_c21cm (pbk)
600 _aBaba Visakha Singh
_xBiography.
_93725
700 _93799
942 _2ddc
_cEN
_mGOM
_h331.25
999 _c38534
_d38534